Statistics for Toronto Raptors Head Coaches by Picture

Click here to take the quiz!

General Stats

  • This quiz has been taken 12 times
  • The average score is 5 of 10

Answer Stats

Answer% Correct
Lenny Wilkens
100%
Nick Nurse
100%
Dwane Casey
92%
Sam Mitchell
67%
Brendan Malone
42%
Butch Carter
42%
Jay Triano
33%
Darko Rajaković
25%
Darrell Walker
17%
Kevin O'Neill
17%

Score Distribution

Percentile by Number Answered

Percent of People with Each Score

Your Score History

You have not taken this quiz